00381nam a2200133Ia 4500082002000000100002000020245003400040260003500074300001000109500005200119504000900171650004700180700002000227 aRR 004.03 CAM-; aCamille, Claude 0aDictionary of data processing aLondonbGeorge G. Harrapc1970 a278p. aContents: Vol.1.English-French Anglais-Francais aref. aComputers - Data processing - Dictionaries aDehaine, Michel